Culture III - Migos - Statistics

General Stats
  • This quiz has been taken 6 times
  • The average score is 6 of 19
Answer Stats
Songs Plays Artists % Correct
Need It 480,239,954 Quavo, Offset, Takeoff, YoungBoy Never Broke Again
80%
Light It Up 35,662,990 Quavo, Offset, Takeoff, Pop Smoke
60%
Why Not 15,391,454 Quavo, Offset, Takeoff
60%
Birthday 17,617,518 Quavo, Offset, Takeoff
40%
Having Our Way 117,797,663 Quavo, Offset, Takeoff, Drake
40%
Malibu 44,411,176 Quavo, Offset, Takeoff, Polo G
40%
Modern Day 65,158,042 Quavo, Offset, Takeoff
40%
Picasso 28,085,842 Quavo, Offset, Takeoff, Future
40%
Antisocial 35,582,517 Quavo, Offset, Takeoff, Juice WRLD
20%
Avalanche 57,113,003 Quavo, Offset, Takeoff
20%
Handle My Business 11,236,378 Quavo, Offset, Takeoff
20%
Jane 22,269,754 Quavo, Offset, Takeoff
20%
Mahomes 11,980,107 Quavo, Offset, Takeoff
20%
Roadrunner 15,755,842 Quavo, Offset, Takeoff
20%
Straigtenin 152,349,254 Quavo, Offset, Takeoff
20%
Time For Me 22,453,802 Quavo, Offset, Takeoff
20%
Vaccine 26,667,628 Quavo, Offset, Takeoff
20%
Type Shit 24,620,846 Quavo, Offset, Takeoff, Cardi B
0%
What You See 26,218,808 Quavo, Offset, Takeoff, Justin Bieber
0%
No matching quizzes found
Score Distribution
Percent of People with Each Score
Percentile by Number Answered
Your Score History
You have not taken this quiz